Statistics for Lyrics Bruno Mars - When I Was Your Man

Click here to take the quiz!

General Stats

  • This quiz has been taken 4,438 times
  • The average score is 42 of 45

Answer Stats

Answer% Correct
And held your {hand}
99%
Our song on the {radio} but it don't sound the same
99%
That I should've bought you {flowers}
99%
But she's dancing with another {man}
98%
'Cause all you wanted to do was {dance}
98%
Mmm... too {young}, too dumb to realize
98%
Now my baby's {dancing}
98%
Take you to {every} party
98%
When I had the {chance}
98%
Should've {gave} you all my hours
97%
When our friends {talk} about you
97%
And {held} your hand
96%
But she's dancing with {another} man
96%
Mmm... too young, too {dumb} to realize
96%
Now my {baby's} dancing
96%
Same bed but it feels just a little bit {bigger} now
96%
Should've gave you all my {hours}
96%
Take you to every {party}
96%
That I should've {bought} you flowers
96%
When I {had} the chance
96%
When I hear your {name}
96%
'Cause all you wanted {to} {do} was dance
95%
Give you {all} his hours
95%
It all just {sounds} like oooooh…
95%
Now I never, never get to clean up the {mess} I made, ohh…
95%
Although it {hurts}
94%
I {hope} he buys you flowers
94%
I hope he {holds} your hand
94%
It all {just} sounds like oooooh…
94%
{Take} you to every party
94%
But I just {want} you to know
93%
Do all the {things} I should have done
93%
{When} he has the chance
93%
When I {was} your man
93%
Caused a good strong {woman} like you to walk out my life
92%
Do all the things I should have {done}
92%
When I was {your} {man}
92%
'Cause my heart {breaks} a little
90%
I'll be the first to say that I was {wrong}
90%
All it does is just {tear} me down
88%
Oh.. I know I'm probably much too {late}
88%
My pride, my ego, my needs, and my {selfish} {ways}
87%
'Cause I {remember} how much you loved to dance
81%
To try and {apologize} for my mistakes
79%
And it {haunts} me every time I close my eyes
67%

Score Distribution

Percentile by Number Answered

Percent of People with Each Score

Your Score History

You have not taken this quiz